Random Prime Ministers of Israel - Statistics

General Stats
  • This quiz has been taken 22 times
  • The average score is 4 of 5
Answer Stats
Term Party Prime Minister % Correct
1996-1999, 2009- Likud Benjamin Netanyahu
100%
1948-1954, 1955-1963 Mapai David Ben-Gurion
100%
2006-2009 Kadima Ehud Olmert
100%
1974-1977, 1992-1995 Labor Yitzhak Rabin
100%
1999-2001 Labor Ehud Barak
78%
1969-1974 Labor Golda Meir
75%
1977-1983 Likud Menachem Begin
67%
1954-1955 Mapai Moshe Sharett
67%
2001-2006 Likud/Kadima Ariel Sharon
60%
1984-1986, 1995-1996 Labor Shimon Peres
50%
1983-1984, 1986-1992 Likud Yitzhak Shamir
33%
1963-1969 Mapai/Labor Levi Eshkol
0%
No matching quizzes found
Score Distribution
Percent of People with Each Score
Percentile by Number Answered
Your Score History
You have not taken this quiz